| Tag |
First Indicator |
Second Indicator |
Subfields |
| LEADER |
00000cam a2200000 a 4500 |
| 001 |
in00000086570 |
| 005 |
20151008064556.0 |
| 008 |
811201s1980 quc b 00010 frem |
| 010 |
|
|
|a 80134987
|
| 015 |
|
|
|a C***
|
| 020 |
|
|
|a 2763769152 :
|c 49.00F
|
| 035 |
|
|
|a (OCoLC)08053139
|
| 035 |
|
|
|9 AAK4430AM
|
| 040 |
|
|
|a DLC
|c DLC
|d m.c.
|d TXA
|d UtOrBLW
|
| 043 |
|
|
|a s-cl---
|
| 049 |
|
|
|a TXAM
|c [1805047]
|
| 050 |
0 |
0 |
|a HC192
|b .Z94
|
| 082 |
0 |
|
|a 330.983/03
|2 19
|
| 100 |
1 |
|
|a Zylberberg, Jacques.
|
| 245 |
1 |
0 |
|a Aux sources du Chili contemporain :
|b economie et societe au Chili colonial /
|c Jacques Zylberberg.
|
| 264 |
|
1 |
|a Quebec :
|b Presses de l'Universite Laval ;
|a Paris :
|b Anthropos,
|c 1980.
|
| 300 |
|
|
|a 216 pages ;
|c 22 cm.
|
| 336 |
|
|
|a text
|b txt
|2 rdacontent
|
| 337 |
|
|
|a unmediated
|b n
|2 rdamedia
|
| 338 |
|
|
|a volume
|b nc
|2 rdacarrier
|
| 504 |
|
|
|a Includes bibliographical references.
|
| 651 |
|
0 |
|a Chile
|x Economic conditions.
|
| 651 |
|
0 |
|a Chile
|x Social conditions.
|
| 651 |
|
0 |
|a Chile
|x History.
|
| 999 |
|
|
|a MARS
|
| 999 |
f |
f |
|s 5e2501fa-98f7-33c5-a869-1c2989a8b0f8
|i dee0c7c5-521e-399d-b7c7-a174af081791
|t 0
|
| 952 |
f |
f |
|p ric
|a Texas A&M University
|b Rellis Campus
|c Joint Library Facility
|d Remote Storage
|t 0
|e HC192 .Z94
|h Library of Congress classification
|i unmediated -- volume
|m A14806122205
|
| 998 |
f |
f |
|a HC192 .Z94
|t 0
|l Remote Storage
|